<?xml version="1.0" encoding="UTF-8"?>
<record
    xmlns:xsi="http://www.w3.org/2001/XMLSchema-instance"
    xsi:schemaLocation="http://www.loc.gov/MARC21/slim http://www.loc.gov/standards/marcxml/schema/MARC21slim.xsd"
    xmlns="http://www.loc.gov/MARC21/slim">

  <leader>02489nam a2200301 a 4500</leader>
  <controlfield tag="003">OSt</controlfield>
  <controlfield tag="005">20251112144413.0</controlfield>
  <controlfield tag="007">cr ||||||a|c|a</controlfield>
  <controlfield tag="008">230504s2019    mx a|||fom||| 001 0 spa d</controlfield>
  <datafield tag="040" ind1=" " ind2=" ">
    <subfield code="e">rda</subfield>
  </datafield>
  <datafield tag="100" ind1="1" ind2=" ">
    <subfield code="9">186907</subfield>
    <subfield code="a">Santiago Estrada, Isabel Cecilia</subfield>
  </datafield>
  <datafield tag="245" ind1="1" ind2="0">
    <subfield code="a">Evaluaci&#xF3;n de un modelo de negocio para incrementar la competitividad del mezcal producido en el municipio de Caltepec, Puebla /</subfield>
    <subfield code="c">por Isabel Cecilia Santiago Estrada; director de tesis Rafael L&#xF3;pez Cerino.</subfield>
  </datafield>
  <datafield tag="264" ind1=" " ind2="1">
    <subfield code="a">Chapingo, M&#xE9;xico :</subfield>
    <subfield code="b">El autor,</subfield>
    <subfield code="c">2019.</subfield>
  </datafield>
  <datafield tag="300" ind1=" " ind2=" ">
    <subfield code="a">1 recurso en l&#xED;nea (168 p&#xE1;ginas):</subfield>
    <subfield code="b">tablas, figuras, gr&#xE1;ficas.</subfield>
  </datafield>
  <datafield tag="336" ind1=" " ind2=" ">
    <subfield code="2">rdacontent</subfield>
    <subfield code="a">texto</subfield>
    <subfield code="b">txt</subfield>
  </datafield>
  <datafield tag="337" ind1=" " ind2=" ">
    <subfield code="2">rdamedia</subfield>
    <subfield code="a">computadora</subfield>
    <subfield code="b">c</subfield>
  </datafield>
  <datafield tag="338" ind1=" " ind2=" ">
    <subfield code="2">rdacarrier</subfield>
    <subfield code="a">recurso en l&#xED;nea</subfield>
    <subfield code="b">cr</subfield>
  </datafield>
  <datafield tag="502" ind1=" " ind2=" ">
    <subfield code="b">LCI</subfield>
    <subfield code="c">DICEA</subfield>
    <subfield code="d">2019.</subfield>
    <subfield code="g">LIC</subfield>
  </datafield>
  <datafield tag="504" ind1=" " ind2=" ">
    <subfield code="a">Incluye referencias bibliogr&#xE1;ficas: p&#xE1;ginas 134-136.</subfield>
  </datafield>
  <datafield tag="520" ind1=" " ind2=" ">
    <subfield code="a">Aplicando la metodolog&#xED;a para desarrollo del modelo de negocio canvas, se presenta una propuesta para la creaci&#xF3;n de la Uni&#xF3;n de Mezcaleros de la Mixteca Baja S.R. de R. L., una asociaci&#xF3;n cuyo objetivo es promover la producci&#xF3;n y destilado de agave en el municipio de Caltepec, Estado de Puebla. Por medio de herramientas de an&#xE1;lisis estrat&#xE9;gico se eval&#xFA;a el entorno en el que se desenvuelve la propuesta, considerando la producci&#xF3;n de materia prima como un factor clave al proyectar el an&#xE1;lisis financiero. Con base a un estudio de mercado, se identifican tres segmentos de mercado meta, los cuales contemplan mujeres y hombres con un poder adquisitivo superior al promedio, y con particulares gustos por bebidas destiladas. En cuanto a la aplicaci&#xF3;n del modelo de negocio canvas, la propuesta de valor toma como punto de partida el esquema de comercio justo, que, junto al dise&#xF1;o de una marca y una cartera de productos de alta, definen el canal de comercializaci&#xF3;n, el cual, basa sus operaciones en la venta de mezcal a granel y envasado, por medio de canales off-trade y on-trade. Un punto importante en el desarrollo de la tesis es la conceptualizaci&#xF3;n de una estrategia de marketing de alto impacto.</subfield>
  </datafield>
  <datafield tag="650" ind1=" " ind2="4">
    <subfield code="9">133296</subfield>
    <subfield code="a">Mezcal</subfield>
    <subfield code="x">Estudios de mercado</subfield>
  </datafield>
  <datafield tag="650" ind1=" " ind2="4">
    <subfield code="9">75359</subfield>
    <subfield code="a">Mezcal</subfield>
    <subfield code="x">Puebla</subfield>
  </datafield>
  <datafield tag="650" ind1=" " ind2="4">
    <subfield code="9">155015</subfield>
    <subfield code="a">Mezcal</subfield>
    <subfield code="x">Producci&#xF3;n  </subfield>
  </datafield>
  <datafield tag="650" ind1=" " ind2="4">
    <subfield code="9">75360</subfield>
    <subfield code="a">Mezcal</subfield>
    <subfield code="x">Rendimiento</subfield>
  </datafield>
  <datafield tag="700" ind1="1" ind2=" ">
    <subfield code="9">67766</subfield>
    <subfield code="a">L&#xF3;pez Cerino, Rafael</subfield>
    <subfield code="e">director.</subfield>
  </datafield>
  <datafield tag="856" ind1=" " ind2=" ">
    <subfield code="u">http://10.13.5.2/tesis/tl/Santiago_Estrada_Isabel_Cecilia.pdf</subfield>
    <subfield code="z">DESCARGAR PDF</subfield>
  </datafield>
  <datafield tag="942" ind1=" " ind2=" ">
    <subfield code="2">Clasificaci&#xF3;n Universidad Aut&#xF3;noma Chapingo</subfield>
    <subfield code="c">TD</subfield>
  </datafield>
  <datafield tag="999" ind1=" " ind2=" ">
    <subfield code="c">218686</subfield>
    <subfield code="d">218686</subfield>
  </datafield>
  <datafield tag="952" ind1=" " ind2=" ">
    <subfield code="0">0</subfield>
    <subfield code="1">0</subfield>
    <subfield code="2">local</subfield>
    <subfield code="4">0</subfield>
    <subfield code="5">1</subfield>
    <subfield code="7">0</subfield>
    <subfield code="8">TesDigL</subfield>
    <subfield code="a">BD</subfield>
    <subfield code="b">BD</subfield>
    <subfield code="c">E_L</subfield>
    <subfield code="d">2023-05-04</subfield>
    <subfield code="l">0</subfield>
    <subfield code="o">Tesis digital</subfield>
    <subfield code="r">2023-05-04 00:00:00</subfield>
    <subfield code="w">2023-05-04</subfield>
    <subfield code="y">TD</subfield>
  </datafield>
</record>
